| 000 | 00441cam a2200181ua 4500 | ||
|---|---|---|---|
| 001 | 3131 | ||
| 008 | 110929n ii |||gr||||Z||||||asm | ||
| 040 | _cMAIN | ||
| 082 | _a891.4513 | ||
| 100 | 1 |
_aBorgohain, Jatindra Kumar, _eAuthor. |
|
| 245 | 1 | 1 |
_aTrishnagni _cby Jatindra Kumar Borgohain |
| 250 | _a1st. | ||
| 260 |
_aGuahati: _bImprint,994. |
||
| 300 |
_a100p: _c23cm. |
||
| 653 | _aAssamese novel | ||
| 653 | _aTrishnagni | ||
| 942 | _cBK | ||
| 999 |
_c2977 _d2977 |
||